A Jesuit in the Forbidden City : (Record no. 117944)
[ view plain ]
| 000 -LEADER | |
|---|---|
| fixed length control field | 01450cam a22003857a 4500 |
| 001 - CONTROL NUMBER | |
| control field | 16274000 |
| 003 - CONTROL NUMBER IDENTIFIER | |
| control field | ARRUPE |
| 005 - DATE AND TIME OF LATEST TRANSACTION | |
| control field | 20130920130631.0 |
| 008 - FIXED-LENGTH DATA ELEMENTS--GENERAL INFORMATION | |
| fixed length control field | 100609s2010 enkabf b 001 0beng |
| 010 ## - LIBRARY OF CONGRESS CONTROL NUMBER | |
| LC control number | 2010930311 |
| 015 ## - NATIONAL BIBLIOGRAPHY NUMBER | |
| National bibliography number | GBB080619 |
| Source | bnb |
| 016 7# - NATIONAL BIBLIOGRAPHIC AGENCY CONTROL NUMBER | |
| Record control number | 015594262 |
| Source | Uk |
| 020 ## - INTERNATIONAL STANDARD BOOK NUMBER | |
| International Standard Book Number | 9780199592258 (hbk. : alk. paper) |
| 035 ## - SYSTEM CONTROL NUMBER | |
| System control number | (OCoLC)ocn607613219 |
| 040 ## - CATALOGING SOURCE | |
| Original cataloging agency | UKM |
| Transcribing agency | UKM |
| Modifying agency | YDXCP |
| -- | NLGGC |
| -- | CDX |
| -- | VP@ |
| -- | HLS |
| -- | LML |
| -- | DEBSZ |
| -- | BWX |
| -- | DLC |
| 042 ## - AUTHENTICATION CODE | |
| Authentication code | lccopycat |
| 043 ## - GEOGRAPHIC AREA CODE | |
| Geographic area code | a-cc--- |
| -- | e-it--- |
| 050 00 - LIBRARY OF CONGRESS CALL NUMBER | |
| Classification number | BX3756.R51 |
| Item number | H75 2010 |
| 300 ## - PHYSICAL DESCRIPTION | |
| Other physical details | ill. (some col.), maps (some col.) ; |
| Dimensions | 24 cm. |
| 100 1# - MAIN ENTRY--PERSONAL NAME | |
| Personal name | Hsia, R. Po-chia, |
| Dates associated with a name | 1953- |
| 9 (RLIN) | 851 |
| 245 12 - TITLE STATEMENT | |
| Title | A Jesuit in the Forbidden City : |
| Remainder of title | Matteo Ricci, 1552-1610 / |
| Statement of responsibility, etc | R. Po-chia Hsia. |
| 260 ## - PUBLICATION, DISTRIBUTION, ETC. (IMPRINT) | |
| Place of publication, distribution, etc | Oxford ; |
| -- | New York : |
| Name of publisher, distributor, etc | Oxford University Press, |
| Date of publication, distribution, etc | 2010. |
| 300 ## - PHYSICAL DESCRIPTION | |
| Extent | xiv, 359 p., [8] p. of plates : |
| 504 ## - BIBLIOGRAPHY, ETC. NOTE | |
| Bibliography, etc | Includes bibliographical references (p. [342]-349) and index. |
| 600 10 - SUBJECT ADDED ENTRY--PERSONAL NAME | |
| Personal name | Ricci, Matteo, |
| Dates associated with a name | 1552-1610. |
| 9 (RLIN) | 852 |
| 610 20 - SUBJECT ADDED ENTRY--CORPORATE NAME | |
| Corporate name or jurisdiction name as entry element | Jesuits |
| Geographic subdivision | China |
| Form subdivision | Biography. |
| 9 (RLIN) | 853 |
| 610 20 - SUBJECT ADDED ENTRY--CORPORATE NAME | |
| Corporate name or jurisdiction name as entry element | Jesuits |
| General subdivision | Missions |
| Geographic subdivision | China |
| General subdivision | History |
| Chronological subdivision | 17th century. |
| 9 (RLIN) | 854 |
| 650 #0 - SUBJECT ADDED ENTRY--TOPICAL TERM | |
| Topical term or geographic name as entry element | Missionaries |
| Geographic subdivision | China |
| Form subdivision | Biography. |
| 9 (RLIN) | 855 |
| 650 #0 - SUBJECT ADDED ENTRY--TOPICAL TERM | |
| Topical term or geographic name as entry element | Missionaries |
| Geographic subdivision | Italy |
| Form subdivision | Biography. |
| 9 (RLIN) | 856 |
| 650 17 - SUBJECT ADDED ENTRY--TOPICAL TERM | |
| Topical term or geographic name as entry element | Jezuïeten. |
| Source of heading or term | gtt |
| 9 (RLIN) | 857 |
| 650 17 - SUBJECT ADDED ENTRY--TOPICAL TERM | |
| Topical term or geographic name as entry element | Missie. |
| Source of heading or term | gtt |
| 9 (RLIN) | 858 |
| 651 #7 - SUBJECT ADDED ENTRY--GEOGRAPHIC NAME | |
| Geographic name | China. |
| Source of heading or term | gtt |
| 9 (RLIN) | 859 |
| 906 ## - LOCAL DATA ELEMENT F, LDF (RLIN) | |
| a | 7 |
| b | cbc |
| c | copycat |
| d | 3 |
| e | ncip |
| f | 20 |
| g | y-gencatlg |
| 942 ## - ADDED ENTRY ELEMENTS (KOHA) | |
| Source of classification or shelving scheme | Library of Congress Classification |
| Koha item type | Monograph ( Printed materials) |
| Withdrawn status | Lost status | Source of classification or shelving scheme | Damaged status | Not for loan | Collection code | Home library | Current library | Shelving location | Date acquired | Total Checkouts | Full call number | Barcode | Date last seen | Price effective from | Koha item type |
|---|---|---|---|---|---|---|---|---|---|---|---|---|---|---|---|
| Library of Congress Classification | Main Collection | ARRUPE LIBRARY | ARRUPE LIBRARY | Main Collection | 20/09/2013 | BX3756.R51 H75 2010 | 46407621 | 22/11/2017 | 20/09/2013 | Monograph ( Printed materials) |